Dispozičné cenné papiere

Všeobecný rámec pre právnu úpravu cenných papierov na Slovensku vytvára zákon č. 566/2001 Z. z. o cenných papieroch a investičných službách a o zmene a doplnení niektorých zákonov (zákon o cenných papieroch). Druhy práv a druhy dispozičných cenných papierov, ktoré sú spojené s príslušným cenným papi...

Ausführliche Beschreibung

Gespeichert in:
Bibliographische Detailangaben
1. Verfasser: Hrvoľová, Božena
Format: Buchkapitel
Sprache:Slowakisch
Schlagworte:
Tags: Tag hinzufügen
Keine Tags, Fügen Sie das erste Tag hinzu!

MARC

LEADER 00000naa a2200000 4500
001 0209273
005 20240502073457.4
041 0 |a slo 
044 |a SK 
245 1 0 |a Dispozičné cenné papiere  |c Božena Hrvoľová 
520 |a Všeobecný rámec pre právnu úpravu cenných papierov na Slovensku vytvára zákon č. 566/2001 Z. z. o cenných papieroch a investičných službách a o zmene a doplnení niektorých zákonov (zákon o cenných papieroch). Druhy práv a druhy dispozičných cenných papierov, ktoré sú spojené s príslušným cenným papierom. 
610 2 0 |a obchod medzinárodný 
610 2 0 |a tovar 
610 2 0 |a preprava 
610 2 0 |a listy záložné tovarové 
610 2 0 |a listy záložné skladiskové 
610 2 0 |a konosament 
610 2 0 |a ceniny 
610 2 0 |a certifikáty 
100 1 |a Hrvoľová, Božena